Lauren Graham Filmography - Statistics

General Stats
  • This quiz has been taken 22 times
    3 since last reset
  • The average score is 46 of 76
Answer Stats
Type Year Name % Correct
Film 2007 Because I Said So
100%
Film 2007 Evan Almighty
100%
TV Show 2000-2007 Gilmore Girls
100%
Film 1998 One True Thing
100%
TV Show 2010-2015 Parenthood
100%
TV Show 1996 3rd Rock from the Sun
67%
TV Show 1994 All My Children
67%
Film 2014 A Merry Friggin' Christmas
67%
Commercial 1994 AT&T
67%
Film 2003 Bad Santa
67%
Film 2008 Birds of America
67%
TV Show 1995-1996 Caroline in the City
67%
TV Film 2001 Chasing Destiny
67%
Film 2009 Cloudy with a Chance of Meatballs
67%
Film 1998 Confessions of a Sexist Pig
67%
TV Show 1998 Conrad Bloom
67%
TV Show 2017 Curb Your Enthusiasm
67%
Film 1999 Dill Scallion
67%
TV Show 2002 Family Guy
67%
Film 2008 Flash of Genius
67%
Web Series 2016 Gilmore Girls: A Year in the Life
67%
TV Show 1996 Good Company
67%
TV Show 2012 Go On
67%
Theater 2009 Guys and Dolls
67%
Film 2010 It's Kind of a Funny Story
67%
Film 2016 Joshy
67%
TV Show 1997 Law & Order
67%
TV Film 2017 Linda from HR
67%
Film 2005 Lucky 13
67%
Film 2015 Max
67%
Film 2016 Middle School: The Worst Years of My Life
67%
TV Show 2000 M.Y.O.B.
67%
TV Show 1997 NewsRadio
67%
Film 1997 Nightwatch
67%
Theater 2002 Once in a Lifetime
67%
TV Show 2012 Project Runway
67%
Film 2026 Reminders of Him
67%
Film 2004 Seeing Other People
67%
TV Show 1997 Seinfeld
67%
TV Show 2013 Sesame Street
67%
TV Show 2006 Studio 60 on the Sunset Strip
67%
Film 2001 Sweet November
67%
Film 2005 The Amateurs
67%
Film 2009 The Answer Man
67%
Film 2024 The Best Christmas Pageant Ever
67%
TV Pilot 2009 The Bridget Show
67%
TV Show 2011 The Late Late Show with Craig Ferguson
67%
Film 2005 The Life Coach
67%
Web Series 2021-2022 The Mighty Ducks: Game Changers
67%
TV Show 2015 The Odd Couple
67%
Film 2002 The Third Wheel
67%
Web Series 2025 The Z-Suite
67%
TV Show 1996 Townies
67%
Film 2025 Twinless
67%
TV Show 2017-2021 Vampirina
67%
TV Show 2014 Web Therapy
67%
Web Series 2014 Web Therapy
67%
Theater 2025 A Chorus Line 50th Anniversary Celebration
33%
Commercial 2008 American Express Plumcard
33%
TV Special 2020 A One-Time Special
33%
Documentary 2006 Black Diamonds: Mountaintop Removal & the Fight for Coalfield Justice
33%
Short Film 1994 Fear of Dogs
33%
TV Special 2004 Gilmore Girls Backstage Special
33%
Short Film 2005 Gnome
33%
TV Show 2014 Hollywood Game Night
33%
Documentary 2019 It Takes a Lunatic
33%
TV Show 2003 Jeopardy!
33%
TV Special 2010 Night of Too Many Stars: An Overbooked Concert for Autism Education
33%
TV Show 2024 Password
33%
TV Show 2015 Repeat After Me
33%
Documentary 2017 The Barn Theatre: Tomorrow's Stars Today
33%
Documentary Series 2002 The Greatest
33%
TV Show 2015 The Late Late Show
33%
TV Show 2011 The Marriage Ref
33%
TV Show 2018 The Peter Austin Noto Show
33%
TV Show 2020-2021 Zoey's Extraordinary Playlist
33%
No matching quizzes found
Score Distribution
Percent of People with Each Score
Percentile by Number Answered
Your Score History
You have not taken this quiz since the last reset